Relación histórica de... la construcción de un ferrocarril a través de la República de Honduras / (Record no. 183734)

MARC details
000 -LEADER
campo de control de longitud fija 00505nam a2200145 i 4500
001 - NÚMERO DE CONTROL
campo de control 183734
003 - IDENTIFICADOR DE NÚMERO DE CONTROL
campo de control ES-MaACL
005 - FECHA Y HORA DE LA ÚLTIMA TRANSACCIÓN
campo de control 20230906221948.0
008 - DATOS DE LONGITUD FIJA--INFORMACIÓN GENERAL
campo de control de longitud fija 141007s1875 xxk |||| | spa d
100 1# - ENTRADA PRINCIPAL--NOMBRE DE PERSONA
Nombre de persona Silva Ferro, Ramón de.
9 (RLIN) 132731
245 10 - MENCIÓN DEL TÍTULO
Título Relación histórica de... la construcción de un ferrocarril a través de la República de Honduras /
Mención de responsabilidad, etc. por Ramón de Silva Ferro.
260 ## - PUBLICACIÓN, DISTRIBUCIÓN, ETC.
Lugar de publicación, distribución, etc. Londres :
Nombre del editor, distribuidor, etc. [s.n.],
Fecha de publicación, distribución, etc. 1875.
650 ## - PUNTO DE ACCESO ADICIONAL DE MATERIA--TÉRMINO DE MATERIA
Término de materia o nombre geográfico como elemento de entrada Ferrocarriles-
Subdivisión geográfica Honduras.
9 (RLIN) 136104
852 4# - LOCALIZACIÓN
Ubicación ES-MaACL
Número de control de estantería T-179-F-3
Holdings
Estatus retirado Estado de pérdida Estado de daño No para préstamo Colección Biblioteca de origen Biblioteca actual Ubicación en estantería Fecha de adquisición Fuente de adquisición Total de préstamos Signatura topográfica completa Código de barras Visto por última vez Precio de reemplazo Tipo de ítem Koha
        Colección de folletos Biblioteca del Ateneo de Madrid Biblioteca del Ateneo de Madrid Depósito folletos 07/10/2014     T-179-F-3 1193170 23/02/2023 23/02/2023 Folleto